Land vs. Land #168 - Statistiken

Allgemein
  • Dieses Quiz wurde 15 mal gespielt
  • Das Durchschnittsergebnis liegt bei 11 aus 14
Antwortstatistiken
Frage Antwort % Korrekt
...Militär? Iran🇮🇷
100%
...HDI (Human Development Index)? Rumänien🇷🇴
100%
...Happy Planet Index? Rumänien🇷🇴
100%
...Frieden? Rumänien🇷🇴
100%
...Fläche? Iran🇮🇷
93%
...Einwohner? Iran🇮🇷
93%
...Gesundheitswesen? Rumänien🇷🇴
86%
...Exportmengen? Iran🇮🇷
79%
...Bruttoinlandsprodukt pro Kopf? Rumänien🇷🇴
71%
...Gewinner? Rumänien🇷🇴
71%
...Bruttoinlandsprodukt? Iran🇮🇷
64%
...Lebenserwartung? Rumänien🇷🇴
64%
...durchschnittlicher IQ? Rumänien🇷🇴
64%
...Tourismus? Iran🇮🇷
36%
Keine übereinstimmenden Quizze gefunden
Verteilung der Resultate
Anzahl Personen mit jedem Resultat
Perzentil nach korrekt beantworteten Fragen
Ihre Resultats-Entwicklung
Sie haben dieses Quiz noch nicht gespielt